All diary of a wimpy kid book names - Statistics

General Stats
  • This quiz has been taken 21 times
  • The average score is 13 of 28
Answer Stats
Hint Answer % Correct
Book 2 Rodrick rules
100%
Book 3 The last straw
88%
Book 4 Dog days
82%
Book 12 The getaway
76%
Book 6 Cabin fever
71%
Book 9 Long haul
65%
Book 13 Meltdown
65%
Book 14 Wrecking ball
65%
Book 8 Hard luck
59%
Book 10 Old school
59%
Book 15 The deep end
59%
Book 5 The ugly truth
59%
Book 7 Third wheel
59%
Book 20 Partypooper
53%
Book 17 Diper overlode
47%
Book 11 Double down
47%
Book 16 Big shot
41%
Book 1 Cheese touch
29%
Book 19 Hot mess
29%
Book 18 No brainer
29%
Other Awesome friendly kid
18%
Other Do it yourself book
18%
Other Awesome friendly adventure
12%
Book 21 Fight or flight
12%
Other The next chapter
12%
Other The wimpy kid movie diary
12%
Other Spooky stories
6%
Other Spooky stories 2
6%
No matching quizzes found
Score Distribution
Percent of People with Each Score
Percentile by Number Answered
Your Score History
You have not taken this quiz